| Tag |
First Indicator |
Second Indicator |
Subfields |
| LEADER |
00000cam a2200000 a 4500 |
| 001 |
in00005729913 |
| 005 |
20260326144626.4 |
| 006 |
m o d |
| 007 |
cr cnu|||unuuu |
| 008 |
041013m19952000enk obf 001 0 eng d |
| 040 |
|
|
|a N$T
|b eng
|e pn
|c N$T
|d OCLCQ
|d YDXCP
|d OCLCQ
|d OCLCO
|d OCLCQ
|d OCLCF
|d OPELS
|d OCLCQ
|d OCL
|d OCLCQ
|d S2H
|d OCLCO
|d OCLCQ
|d OCLCO
|d OCLCQ
|d OCLCL
|d OCLCQ
|
| 020 |
|
|
|a 1417538899
|q (electronic bk.)
|
| 020 |
|
|
|a 9781417538898
|q (electronic bk.)
|
| 020 |
|
|
|z 9781855730748
|
| 035 |
|
|
|a (OCoLC)56722482
|
| 050 |
|
4 |
|a HG6047.P47
|b L65eb
|
| 072 |
|
7 |
|a BUS
|x 070000
|2 bisacsh
|
| 082 |
0 |
4 |
|a 338.2728
|2 22
|
| 049 |
|
|
|a TXAM
|
| 245 |
0 |
0 |
|a OTM :
|b oil trading manual /
|c formerly edited by David Long.
|
| 246 |
3 |
0 |
|a Oil trading manual
|
| 260 |
|
|
|a Cambridge, England :
|b Woodhead Pub.,
|c 1995-2000.
|
| 300 |
|
|
|a 1 online resource
|
| 336 |
|
|
|a text
|b txt
|2 rdacontent
|
| 337 |
|
|
|a computer
|b c
|2 rdamedia
|
| 338 |
|
|
|a online resource
|b cr
|2 rdacarrier
|
| 500 |
|
|
|a Includes Supplements 1-8, 1996-2002.
|
| 504 |
|
|
|a Includes bibliographical references and index.
|
| 650 |
|
0 |
|a Petroleum industry and trade
|v Handbooks, manuals, etc.
|
| 650 |
|
6 |
|a Pétrole
|x Industrie et commerce
|v Guides, manuels, etc.
|
| 650 |
|
7 |
|a BUSINESS & ECONOMICS
|x Industries
|x General.
|2 bisacsh
|
| 650 |
|
7 |
|a Petroleum industry and trade
|2 fast
|
| 655 |
|
7 |
|a Electronic books.
|2 local
|
| 655 |
|
2 |
|a Handbook
|
| 655 |
|
7 |
|a handbooks.
|2 aat
|
| 655 |
|
7 |
|a Handbooks and manuals
|2 fast
|
| 655 |
|
7 |
|a Handbooks and manuals.
|2 lcgft
|
| 655 |
|
7 |
|a Guides et manuels.
|2 rvmgf
|
| 700 |
1 |
|
|a Long, David.
|
| 710 |
2 |
|
|a ScienceDirect (Online service)
|
| 856 |
4 |
0 |
|u http://proxy.library.tamu.edu/login?url=https://www.sciencedirect.com/science/book/9781855730748
|z Connect to the full text of this electronic book
|t 0
|
| 955 |
|
|
|a Elsevier ScienceDirect 2026-2027
|
| 994 |
|
|
|a 92
|b TXA
|
| 999 |
f |
f |
|i eae6ab94-5973-4af6-afda-c7ceb3bb3964
|s fe5b7a99-d4ea-47cf-a5e9-3a75f42984a0
|t 0
|
| 952 |
f |
f |
|a Texas A&M University
|b College Station
|c Electronic Resources
|s www_evans
|d Available Online
|t 0
|e HG6047.P47 L65eb
|h Library of Congress classification
|
| 998 |
f |
f |
|a HG6047.P47 L65eb
|t 0
|l Available Online
|